[Event "Las Palmas Insular-chT 1a 1314"]
[Site "Las Palmas"]
[Date "2014.03.29"]
[Round "13.1"]
[White "Marrero Falcon, Hector Xarach"]
[Black "Mengibar Martinez, Manuel"]
[Result "1-0"]
[WhiteElo "2015"]
[BlackElo "1961"]
[PlyCount "53"]
[EventDate "2013.11.09"]
[EventType "team-tourn"]
[EventRounds "14"]
[EventCountry "ESP"]
[SourceTitle "EXT 2015"]
[Source "ChessBase"]
[SourceDate "2014.11.20"]
[SourceVersion "1"]
[SourceVersionDate "2014.11.20"]
[SourceQuality "1"]
[WhiteTeam "Anand  II"]
[BlackTeam "Panaderia Pulido San Mateo  III"]
[WhiteTeamCountry "ESP"]
[BlackTeamCountry "ESP"]

1. e4 c6 2. c4 d5 3. exd5 cxd5 4. cxd5 Qxd5 5. Nc3 Qa5 6. Bc4 Nf6 7. Nge2 Bf5 8. Qb3 Qc7 9. Bxf7+ Kd8 10. d4 Nbd7 11. 0-0 Qb6 12. Qxb6+ Nxb6 13. Nf4 Kd7 14. Re1 g5 15. Be6+ Bxe6 16. Nxe6 h6 17. b3 Rh7 18. Nc5+ Kc7 19. Ba3 Re8 20. Ne6+ Kd7 21. Rac1 Rc8 22. Nc5+ Kc7 23. Nb5+ Kb8 24. Ne6 Rf7 25. Nxf8 Rxc1 26. Rxc1 Rxf8 27. Bxe7 1-0

[Event "Las Palmas Insular-chT Primera-A"]
[Site "Las Palmas"]
[Date "2013.11.09"]
[Round "1.1"]
[White "Camino Carrio, Nicanor"]
[Black "Marrero Falcon, Hector Xarach"]
[Result "1/2-1/2"]
[WhiteElo "2045"]
[BlackElo "2015"]
[PlyCount "65"]
[EventDate "2013.11.09"]
[EventType "team-tourn"]
[EventRounds "14"]
[EventCountry "ESP"]
[SourceTitle "EXT 2015"]
[Source "ChessBase"]
[SourceDate "2014.11.20"]
[SourceVersion "1"]
[SourceVersionDate "2014.11.20"]
[SourceQuality "1"]
[WhiteTeam "San Andres"]
[BlackTeam "Anand "]
[WhiteTeamCountry "ESP"]
[BlackTeamCountry "ESP"]

1. e4 c5 2. Nf3 Nc6 3. Bb5 Qc7 4. 0-0 Nf6 5. Re1 e6 6. c3 a6 7. Bf1 Be7 8. d4 d6 9. Bg5 b6 10. Nbd2 Bb7 11. Bd3 Nd7 12. Rc1 Bxg5 13. Nxg5 e5 14. d5 Ne7 15. Nc4 Bc8 16. f4 Ng6 17. fxe5 Ndxe5 18. Rf1 Bg4 19. Be2 Bc8 20. Ne3 Qe7 21. Nf3 0-0 22. g3 Bh3 23. Rf2 Ng4 24. Nxg4 Bxg4 25. Qc2 Bxf3 26. Rxf3 Ne5 27. Rf4 b5 28. Rcf1 Ra7 29. Rf5 Qd8 30. Qd2 Re7 31. R1f4 Ng6 32. Rg4 Re5 33. Rxe5 1/2-1/2

[Event "Gran Canaria-ch"]
[Site "Gran Canaria"]
[Date "2010.05.04"]
[Round "9"]
[White "Natalicchio Escalante, Ricardo Nicolas"]
[Black "Marrero Falcon, Hector Xarach"]
[Result "1/2-1/2"]
[WhiteElo "2257"]
[BlackElo "2008"]
[PlyCount "47"]
[EventDate "2010.03.23"]
[EventType "tourn"]
[EventRounds "9"]
[EventCountry "ESP"]
[SourceTitle "EXT 2011"]
[Source "ChessBase"]
[SourceDate "2010.11.26"]
[SourceVersion "1"]
[SourceVersionDate "2010.11.26"]
[SourceQuality "1"]

1. Nf3 c5 2. g3 g6 3. Bg2 Bg7 4. 0-0 Nf6 5. c4 0-0 6. Nc3 Nc6 7. d4 cxd4 8. Nxd4 a6 9. b3 Ne4 10. Nxe4 Nxd4 11. Rb1 Rb8 12. Bb2 Ne6 13. Bxg7 Nxg7 14. Nc3 b5 15. cxb5 axb5 16. b4 Nf5 17. Qd2 Nd6 18. Rfd1 Bb7 19. Bxb7 Rxb7 20. Qd5 Qb8 21. Qe5 Nf5 22. Qxb8 Rfxb8 23. e4 Nd6 24. Rbc1 1/2-1/2

[Event "Gran Canaria-ch"]
[Site "Gran Canaria"]
[Date "2010.04.23"]
[Round "6"]
[White "Marrero Falcon, Hector Xarach"]
[Black "Garcia Padron, Jose"]
[Result "0-1"]
[WhiteElo "2008"]
[BlackElo "2447"]
[PlyCount "62"]
[EventDate "2010.03.23"]
[EventType "tourn"]
[EventRounds "9"]
[EventCountry "ESP"]
[SourceTitle "EXT 2011"]
[Source "ChessBase"]
[SourceDate "2010.11.26"]
[SourceVersion "1"]
[SourceVersionDate "2010.11.26"]
[SourceQuality "1"]

1. e4 e5 2. Nf3 Nf6 3. Nxe5 Nxe4 4. Qe2 Qe7 5. Qxe4 d6 6. Bc4 Qxe5 7. Qxe5+ dxe5 8. d3 Nc6 9. 0-0 Nd4 10. Bb3 Be6 11. c3 Nxb3 12. axb3 a6 13. c4 0-0-0 14. Rd1 Bg4 15. f3 Bf5 16. Ra5 Bxd3 17. Nc3 f6 18. Be3 Bb4 19. Rd5 Bc2 20. Rxd8+ Rxd8 21. Rxd8+ Kxd8 22. Nd5 Bf8 23. c5 Bxb3 24. Nc3 Kd7 25. g4 Kc6 26. Kf2 Bxc5 27. Ne4 Be7 28. Ke2 a5 29. Kd3 Bd1 30. Nd2 Bb4 31. f4 exf4 0-1

[Event "Gran Canaria-ch"]
[Site "Gran Canaria"]
[Date "2010.04.13"]
[Round "3"]
[White "Marrero Falcon, Hector Xarach"]
[Black "Ortega Hermida, Daniel"]
[Result "0-1"]
[WhiteElo "2008"]
[BlackElo "2389"]
[PlyCount "120"]
[EventDate "2010.03.23"]
[EventType "tourn"]
[EventRounds "9"]
[EventCountry "ESP"]
[SourceTitle "EXT 2011"]
[Source "ChessBase"]
[SourceDate "2010.11.26"]
[SourceVersion "1"]
[SourceVersionDate "2010.11.26"]
[SourceQuality "1"]

1. e4 c5 2. Nf3 e6 3. d4 cxd4 4. Nxd4 a6 5. c4 Nf6 6. Nc3 Qc7 7. a3 b6 8. Bd3 Bb7 9. 0-0 d6 10. f4 Nbd7 11. Qe2 g6 12. Bd2 Bg7 13. Nf3 0-0 14. Rac1 Rac8 15. b4 Qb8 16. h3 Nh5 17. Qf2 d5 18. e5 dxc4 19. Be4 f5 20. Bxb7 Qxb7 21. Nd4 Rce8 22. Nf3 b5 23. Be3 h6 24. h4 Rf7 25. Ne2 Bf8 26. Ned4 Nb6 27. Kh2 Nd5 28. g3 Qc8 29. Qe2 Be7 30. Bf2 Qd7 31. Rc2 Bd8 32. Rd1 Qb7 33. Qd2 Rd7 34. a4 Ng7 35. axb5 axb5 36. Ra2 Bb6 37. Qb2 Red8 38. Rda1 Nc7 39. Ra3 Kf7 40. Rd1 Nge8 41. Rg1 h5 42. Rga1 Ke7 43. Rd1 Ng7 44. Ra2 Rd5 45. Rda1 R8d7 46. Qc3 Nge8 47. Rd2 Rd8 48. Rda2 Ra8 49. Rxa8 Nxa8 50. Ra2 Nac7 51. Qa1 Rd8 52. Rd2 Nd5 53. Nc2 Nec7 54. Bxb6 Qxb6 55. Nfd4 Ra8 56. Qb1 Nc3 57. Qg1 N7d5 58. Ne3 Nxe3 59. Qxe3 Nd5 60. Qf2 Ra3 0-1

[Event "Gran Canaria-ch"]
[Site "Gran Canaria"]
[Date "2010.03.23"]
[Round "1"]
[White "Marrero Falcon, Hector Xarach"]
[Black "Camino Carrio, Nicanor"]
[Result "0-1"]
[WhiteElo "2008"]
[BlackElo "2128"]
[PlyCount "122"]
[EventDate "2010.03.23"]
[EventType "tourn"]
[EventRounds "9"]
[EventCountry "ESP"]
[SourceTitle "EXT 2011"]
[Source "ChessBase"]
[SourceDate "2010.11.26"]
[SourceVersion "1"]
[SourceVersionDate "2010.11.26"]
[SourceQuality "1"]

1. c4 Nf6 2. Nc3 g6 3. g3 Bg7 4. Bg2 0-0 5. Nf3 d6 6. d3 e5 7. 0-0 Nc6 8. Ne1 h6 9. Nc2 Be6 10. Ne3 Qd7 11. Ned5 Nh5 12. b4 Rac8 13. b5 Nd8 14. Qa4 c6 15. Nb4 e4 16. bxc6 bxc6 17. Bd2 exd3 18. exd3 Bh3 19. Rac1 Bxg2 20. Kxg2 Ne6 21. Ne2 Rfe8 22. Be3 Nc5 23. Qd1 a5 24. Nc2 Qf5 25. Bxc5 dxc5 26. Ne3 Qd7 27. Qd2 Rb8 28. Rfd1 a4 29. Rc2 a3 30. d4 cxd4 31. Nxd4 Red8 32. Nb3 Qe7 33. Qe1 Bb2 34. Rcd2 Rxd2 35. Qxd2 Re8 36. Qd6 Qe4+ 37. Kg1 Qf3 38. Nd4 Bxd4 39. Qxd4 Nf6 40. Rd3 Re4 41. Qd8+ Kh7 42. Nf1 Qf5 43. Rxa3 Ng4 44. Qd2 Rxc4 45. Ne3 Rc1+ 46. Nf1 Rc2 47. Rf3 Rxd2 48. Rxf5 Rxa2 49. Rxf7+ Kg8 50. Rf4 Ne5 51. Ne3 Kg7 52. Kf1 Nd3 53. Rf3 c5 54. Nc4 Rc2 55. Nd6 Ne5 56. Re3 Ng4 57. Re4 Nxf2 58. Re7+ Kg8 59. Re8+ Kg7 60. Re7+ Kf6 61. Rf7+ Ke6 0-1

[Event "Gran Canaria-ch U18"]
[Site "Gran Canaria"]
[Date "2010.03.04"]
[Round "4"]
[White "Marrero Falcon, Hector Xarach"]
[Black "Navarro Molina, David"]
[Result "1-0"]
[WhiteElo "2008"]
[BlackElo "1967"]
[PlyCount "87"]
[EventDate "2010.02.22"]
[EventType "swiss"]
[EventRounds "6"]
[EventCountry "ESP"]
[SourceTitle "EXT 2024"]
[Source "ChessBase"]
[SourceDate "2023.10.10"]
[SourceVersion "1"]
[SourceVersionDate "2023.10.10"]
[SourceQuality "1"]

1. e4 c5 2. Nf3 e6 3. d4 cxd4 4. Nxd4 a6 5. c4 Qc7 6. Nc3 Nf6 7. a3 Be7 8. Be3 0-0 9. Rc1 d6 10. Be2 b6 11. f4 Re8 12. 0-0 Bb7 13. Qd3 Nbd7 14. b4 Bf8 15. Nb3 Rac8 16. g4 h6 17. h4 Qd8 18. g5 Nh7 19. Rcd1 e5 20. f5 hxg5 21. h5 Ndf6 22. Nd5 Nxd5 23. cxd5 Be7 24. Nd2 Nf6 25. Kg2 Nd7 26. Rh1 Bf8 27. Nf3 f6 28. Nh2 Kf7 29. h6 gxh6 30. Bh5+ Kg8 31. Bxe8 Qxe8 32. Rc1 b5 33. Rxc8 Bxc8 34. Rc1 Kf7 35. Qe2 Ke7 36. Rc7 h5 37. Qc2 h4 38. Rxc8 Qh5 39. Rc7 h3+ 40. Kf1 Bh6 41. Bf2 Kd8 42. Rc8+ Ke7 43. Qe2 Qf7 44. Qg4 1-0

[Event "ESP-ch U18"]
[Site "Padron"]
[Date "2008.07.30"]
[Round "6"]
[White "Marrero Falcon, Hector Xarach"]
[Black "Jimenez Lupianez, Laura"]
[Result "1-0"]
[WhiteElo "2044"]
[BlackElo "1901"]
[PlyCount "83"]
[EventDate "2008.07.27"]
[EventType "swiss"]
[EventRounds "9"]
[EventCountry "ESP"]
[SourceTitle "CBM 125 Extra"]
[Source "ChessBase"]
[SourceDate "2008.09.01"]
[SourceVersion "1"]
[SourceVersionDate "2008.09.01"]
[SourceQuality "1"]

1. e4 e5 2. d4 exd4 3. Qxd4 Nc6 4. Qe3 Nf6 5. Nc3 Bb4 6. Bd2 0-0 7. 0-0-0 Re8 8. Qg3 Rxe4 9. a3 Bd6 10. f4 Re8 11. Bd3 Bf8 12. Nf3 d5 13. f5 d4 14. Nb5 a6 15. Nxc7 Bd6 16. Bf4 Nh5 17. Bxd6 Nxg3 18. Bxg3 Bd7 19. Nxe8 Bxe8 20. Rhe1 Qb6 21. f6 g6 22. Bc4 Rd8 23. Re4 h6 24. Bf2 Na5 25. Rdxd4 Nxc4 26. Rxd8 Qxd8 27. Rxc4 Qxf6 28. Rc8 Qe6 29. Rd8 b5 30. Bg3 f5 31. Be5 Kh7 32. Rd6 Qf7 33. Bc3 Qc7 34. Rxa6 Qb7 35. Re6 Bf7 36. Re5 Qb6 37. Re7 Kg8 38. Bd4 Qd6 39. Ra7 Qf4+ 40. Kd1 Qd6 41. Ra8+ Kh7 42. Rh8# 1-0

[Event "ESP-ch U18"]
[Site "Padron"]
[Date "2008.07.27"]
[Round "2"]
[White "Marrero Falcon, Hector Xarach"]
[Black "Valmana Canto, Jaime"]
[Result "0-1"]
[WhiteElo "2044"]
[BlackElo "2376"]
[PlyCount "78"]
[EventDate "2008.07.27"]
[EventType "swiss"]
[EventRounds "9"]
[EventCountry "ESP"]
[SourceTitle "CBM 125 Extra"]
[Source "ChessBase"]
[SourceDate "2008.09.01"]
[SourceVersion "1"]
[SourceVersionDate "2008.09.01"]
[SourceQuality "1"]

1. e4 e6 2. d4 d5 3. Nd2 Nf6 4. e5 Nfd7 5. f4 c5 6. c3 Nc6 7. Ndf3 Qb6 8. a3 a5 9. b3 Be7 10. h4 Qc7 11. Bb2 c4 12. h5 cxb3 13. a4 Nb6 14. Qxb3 Bd7 15. Bd3 Na7 16. Qd1 Nc4 17. Bc1 b5 18. axb5 Nxb5 19. Ne2 f5 20. Kf1 0-0 21. Rg1 Be8 22. h6 Bh5 23. Kf2 Rab8 24. Rh1 g6 25. Rxh5 gxh5 26. Qh1 h4 27. Ng5 Bxg5 28. fxg5 Nxc3 29. Nxc3 Nxe5 30. dxe5 Qxc3 31. Ra3 Qd4+ 32. Kf3 Qg4+ 33. Kf2 Qg3+ 34. Ke2 Qxe5+ 35. Kf3 Qg3+ 36. Ke2 Qg4+ 37. Kf2 Qd4+ 38. Ke1 Rfc8 39. Kd2 Qf4+ 0-1

[Event "Las Palmas"]
[Site "Las Palmas"]
[Date "2008.04.29"]
[Round "2"]
[White "Vega Gutierrez, Belinda Vidina"]
[Black "Marrero Falcon, Hector Xarach"]
[Result "0-1"]
[WhiteElo "2145"]
[BlackElo "2017"]
[PlyCount "148"]
[EventDate "2008.04.28"]
[EventType "tourn"]
[EventRounds "9"]
[EventCountry "ESP"]
[SourceTitle "CBM 124 Extra"]
[Source "ChessBase"]
[SourceDate "2008.07.03"]
[SourceVersion "1"]
[SourceVersionDate "2008.07.03"]
[SourceQuality "1"]

1. e4 c5 2. Nf3 g6 3. d4 Bg7 4. Nc3 cxd4 5. Nxd4 Nc6 6. Nb3 Nf6 7. Bc4 d6 8. 0-0 0-0 9. Re1 Ne5 10. Bf1 Be6 11. Nd5 Rc8 12. a4 Nc4 13. c3 Bxd5 14. exd5 Nb6 15. Qf3 Nbxd5 16. Rd1 Qb6 17. Rxd5 Nxd5 18. Qxd5 Qc6 19. Qd1 d5 20. Be3 b6 21. a5 Ra8 22. Nd4 Qb7 23. Qb3 e5 24. Nc2 b5 25. a6 Qd7 26. Rd1 Rfd8 27. Nb4 d4 28. cxd4 exd4 29. Nc2 Qg4 30. f3 Qh4 31. Bf2 Qf6 32. Rxd4 Rxd4 33. Bxd4 Qxa6 34. Bxg7 Kxg7 35. Bxb5 Qb6+ 36. Kf1 Rb8 37. Qc3+ Kg8 38. Na3 a6 39. Be2 Qxb2 40. Qxb2 Rxb2 41. Nc4 Ra2 42. Ne5 Kf8 43. Nc6 a5 44. Kf2 a4 45. Ke3 a3 46. Nd4 Rb2 47. Bc4 a2 48. Bxa2 Rxa2 49. Ne2 Ke7 50. h4 Kf6 51. g3 h5 52. Nf4 Kf5 53. Nd3 Ra3 54. Ke2 g5 55. hxg5 Kxg5 56. Nf2 Ra4 57. Nh3+ Kf5 58. Ke3 Ra3+ 59. Ke2 Ra2+ 60. Ke3 Rh2 61. Nf4 h4 62. gxh4 Rxh4 63. Nd3 Ra4 64. Nf2 Kg5 65. Ne4+ Kg6 66. Nf2 f5 67. Nd3 Kg5 68. Kf2 f4 69. Kg2 Kh4 70. Ne1 Ra2+ 71. Kf1 Kg3 72. Kg1 Ra1 73. Kf1 Ra2 74. Kg1 Rf2 0-1

[Event "ESP-ch U16"]
[Site "Padron"]
[Date "2008.??.??"]
[Round "7"]
[White "Marrero Falcon, Hector Xarach"]
[Black "Jimenez Lupianez, Laura"]
[Result "0-1"]
[WhiteElo "2044"]
[BlackElo "1901"]
[PlyCount "122"]
[EventDate "2008.07.20"]
[EventType "swiss"]
[EventRounds "9"]
[EventCountry "ESP"]
[SourceTitle "EXT 2010"]
[Source "ChessBase"]
[SourceDate "2010.11.25"]
[SourceVersion "1"]
[SourceVersionDate "2010.11.25"]
[SourceQuality "1"]

1. Nf3 d5 2. c4 d4 3. e3 c5 4. b4 dxe3 5. fxe3 cxb4 6. d4 e6 7. Bd3 Nc6 8. 0-0 g6 9. a3 b3 10. Nbd2 Bg7 11. Bb2 Nge7 12. Nxb3 a5 13. Qe2 0-0 14. Rad1 Qb6 15. Bc2 Bd7 16. c5 Qc7 17. Nfd2 a4 18. Nc1 e5 19. Nc4 exd4 20. exd4 Nd5 21. Qf3 Be6 22. Be4 Rad8 23. Nd6 Nxd4 24. Bxd4 Bxd4+ 25. Rxd4 Qxc5 26. Rfd1 Rxd6 27. Kh1 Rfd8 28. Qg3 R6d7 29. Qe5 b6 30. Nd3 Qc7 31. Bxd5 Qxe5 32. Nxe5 Rxd5 33. Rxd5 Rxd5 34. Rxd5 Bxd5 35. Nd7 Kg7 36. Nxb6 Bb3 37. Kg1 Kf6 38. Kf2 Ke6 39. Ke3 h5 40. Nc8 Kd7 41. Na7 Kd6 42. Nb5+ Kc5 43. Nc3 Kc4 44. Ne4 Ba2 45. Nd6+ Kb3 46. Nxf7 Kxa3 47. Ne5 Bb1 48. Kd2 Kb3 49. Kc1 Be4 50. Nd7 Bxg2 51. h4 Bh3 52. Nc5+ Kb4 53. Nd3+ Kc3 54. Nc5 a3 55. Kb1 Kc4 56. Nb7 Be6 57. Nd6+ Kb4 58. Ka1 Kc5 59. Ne4+ Kd4 60. Ng5 Bg8 61. Nf3+ Ke4 0-1

[Event "El Sauzal op 8th"]
[Site "El Sauzal"]
[Date "2007.11.03"]
[Round "2"]
[White "Vidarte Morales, Arturo"]
[Black "Marrero Falcon, Hector Xarach"]
[Result "1-0"]
[WhiteElo "2417"]
[BlackElo "2000"]
[PlyCount "52"]
[EventDate "2007.11.03"]
[EventType "swiss (rapid)"]
[EventRounds "9"]
[EventCountry "ESP"]
[SourceTitle "CBM 121 Extra"]
[Source "ChessBase"]
[SourceDate "2008.01.10"]
[SourceVersion "1"]
[SourceVersionDate "2008.01.10"]
[SourceQuality "1"]

1. c4 c5 2. Nf3 Nf6 3. Nc3 b6 4. g3 Bb7 5. Bg2 g6 6. d4 cxd4 7. Qxd4 Bg7 8. 0-0 0-0 9. Qh4 d6 10. Rd1 Nbd7 11. Bg5 Rc8 12. Rac1 Nc5 13. Bh3 Bxf3 14. exf3 Ne6 15. Be3 g5 16. Bxg5 Nxg5 17. Qxg5 Rxc4 18. Qe3 Rc5 19. f4 Qc7 20. Nb5 Qb7 21. Nd4 Qe4 22. Nb3 Rxc1 23. Rxc1 e6 24. Qxe4 Nxe4 25. f3 Nc5 26. Bg2 Bxb2 1-0

[Event "Las Palmas op"]
[Site "Las Palmas"]
[Date "2005.11.25"]
[Round "1.14"]
[White "Zambrana, Oswaldo"]
[Black "Marrero Falcon, Hector Xarach"]
[Result "1-0"]
[WhiteElo "2409"]
[BlackElo "1920"]
[PlyCount "57"]
[EventDate "2005.11.25"]
[EventType "swiss"]
[EventRounds "9"]
[EventCountry "ESP"]
[SourceTitle "CBM 109 Extra"]
[Source "ChessBase"]
[SourceDate "2006.01.03"]
[SourceVersion "2"]
[SourceVersionDate "2006.01.03"]
[SourceQuality "1"]

1. e4 c5 2. Nf3 Nc6 3. d4 cxd4 4. Nxd4 Qc7 5. Nc3 e6 6. Be3 a6 7. Qd2 Nf6 8. f3 Bb4 9. 0-0-0 b5 10. Kb1 Be7 11. Nb3 Ne5 12. Qf2 Ng6 13. Bb6 Qb8 14. h4 Nh5 15. Ne2 Ngf4 16. Nxf4 Qxf4 17. Rh3 Bb7 18. Na5 Qb8 19. Nxb7 Qxb7 20. Be3 0-0 21. e5 f5 22. f4 g6 23. Be2 Ng7 24. Bf3 Qc7 25. Bb6 Qc4 26. Bxa8 Rxa8 27. Rxd7 Kf8 28. Rc3 Qe4 29. Rcc7 1-0